000 00398nam a2200157 i 4500
001 64959
003 ES-MaACL
007 t|
008 040107s1971 xxk ||||1| eng d
100 1 _aFowles, John.
_952017
245 1 4 _aThe collector /
_cJohn Fowles.
250 _a6th pr.
260 _aLondon :
_bPan Books Ltd,
_c[1971]
300 _a287 p. ;
_c18 cm.
852 _aES-MaACL
_jE-5982
_bR.90615
999 _c64959
_d64959